VILLES FRANCAISES QUI CONTIENNENT LE MOT "LES" (MORT SUBITE) - Statistiques

Statistiques générales
  • Ce quiz a été pris 118 fois
  • Le résultat moyen est 11 sur 17
Answers on the Grid
Answers color-coded by a green-red scale on the quiz's grid according to % correct below.
Issy- - Moulineaux
Garges- -Gonesse
Villeneuve- -Georges
Thonon- -Bains
Joué- -Tours
Sainte-Geneviève- -Bois
Six-Fours- - Plages
Aix- -Bains
Bourg- -Maurice
L'Haÿ- -Roses
Vandœuvre- -Nancy
Dammarie- -Lys
Saint-Rémy- -Chevreuse
Sausset- -Pins
Luxeuil- -Bains
Palavas- -Flots
Montceau- -Mines
Amélie- -Bains-Palalda
Saint-Éloy- -Mines
Divonne- -Bains
 
Statistiques - réponses
Réponse % Correct
Issy- - Moulineaux
96%
Thonon- -Bains
88%
Aix- -Bains
85%
Palavas- -Flots
81%
Montceau- -Mines
75%
Divonne- -Bains
73%
Luxeuil- -Bains
72%
Joué- -Tours
71%
Sausset- -Pins
65%
Saint-Éloy- -Mines
64%
Six-Fours- - Plages
61%
Dammarie- -Lys
60%
Garges- -Gonesse
59%
L'Haÿ- -Roses
57%
Amélie- -Bains-Palalda
53%
Vandœuvre- -Nancy
40%
Saint-Rémy- -Chevreuse
31%
Aucun quiz correspondant
Distribution des résultats
% des personnes avec chaque résultat
Percentile par nombre de réponses
Votre historique - résultats
Vous n’avez pas pris ce quiz